00335pam a2200145a 44500008004100000020000900041041000800050082000900058100001700067245003000084250000600114260005200120300000800172650000900180230515b2002 xxu||||| |||| 00| 0 eng d aNULL aENG aN.D. aGeorge shinn aThe miracle of motivation a0 aNULLb"Better your self books , mumbai, "c2002 a247 aN.D.